[Event "Campeonato de Andalucia Juvenil"]
[Site "Hotel Bellavista, Paseo Centra"]
[Date "2011.04.18"]
[Round "5"]
[White "Moral Garcia, Serafin"]
[Black "Nieto Asencio, Maria Del Carmen"]
[Result "0-1"]
[WhiteElo "2169"]
[BlackElo "2011"]
[PlyCount "147"]
[EventDate "2011.04.16"]
[EventRounds "8"]
[EventCountry "ESP"]

1. e4 c5 2. Nf3 g6 3. d4 cxd4 4. Qxd4 Nf6 5. e5 Nc6 6. Qa4 Nd5 7. Qe4 Nb6 8.
Bf4 d5 9. exd6 Bf5 10. Qe2 Nd5 11. Be5 f6 12. Bg3 Qa5+ 13. c3 O-O-O 14. Qb5
Qxb5 15. Bxb5 exd6 16. O-O Ne5 17. Nbd2 a6 18. Be2 Nb6 19. Nd4 Bd7 20. f4 Nc6
21. Nxc6 Bxc6 22. f5 g5 23. Bf3 d5 24. Bf2 Nd7 25. Nb3 Ne5 26. Bd4 h5 27. h3
Bd6 28. Bxe5 Bxe5 29. Rad1 h4 30. Nd4 Rd6 31. Rfe1 Re8 32. Kf1 Kd7 33. Ne6 Bg3
34. Nc5+ Kd8 35. Rxe8+ Kxe8 36. Ne6 Kd7 37. Ke2 Be5 38. Ke3 Kc8 39. Nd4 Bf4+
40. Ke2 Be5 41. Bh5 Bd7 42. Bg4 Bc6 43. Kd3 Bd7 44. Re1 Kd8 45. Re3 Rb6 46. b3
Bb5+ 47. Kc2 Bxd4 48. cxd4 Bd7 49. Kd2 Rb4 50. Kc3 Rb6 51. Rf3 Bb5 52. Rf2 Be8
53. Re2 Bd7 54. Rf2 Be8 55. a3 a5 56. Bf3 Rc6+ 57. Kb2 Rd6 58. Rc2 b6 59. b4
axb4 60. axb4 Bd7 61. Bg4 Rc6 62. Rd2 Rc4 63. Kb3 Kc7 64. Rd1 Kd6 65. Rd2 Kc7
66. Be2 Rc1 67. Bd3 Ra1 68. Kb2 Ra4 69. Rc2+ Kd6 70. Kc3 Ra3+ 71. Kd2 Rxd3+ 72.
Kxd3 Bxf5+ 73. Kc3 Bxc2 74. Kxc2 0-1

[Event "Campeonato de Andalucia Juvenil"]
[Site "Hotel Bellavista, Paseo Centra"]
[Date "2011.04.18"]
[Round "5"]
[White "Garcia De Lomas Guerrero, Carlo"]
[Black "Fernandez Garcia, Jose Miguel"]
[Result "0-1"]
[WhiteElo "1951"]
[BlackElo "2280"]
[PlyCount "34"]
[EventDate "2011.04.16"]
[EventRounds "8"]
[EventCountry "ESP"]

1. e4 e6 2. Nf3 c5 3. d4 cxd4 4. Nxd4 a6 5. Bd3 g6 6. c4 Bg7 7. Be3 Ne7 8. Nc3
d5 9. O-O e5 10. Nxd5 Nxd5 11. cxd5 exd4 12. Bxd4 Bxd4 13. Qa4+ Nc6 14. dxc6
O-O 15. Rfd1 bxc6 16. Qxc6 Bg4 17. Rd2 Qg5 0-1

[Event "Campeonato de Andalucia Juvenil"]
[Site "Hotel Bellavista, Paseo Centra"]
[Date "2011.04.18"]
[Round "5"]
[White "Ladron De Guevara Pinto, Paolo"]
[Black "Santos Ruiz, Miguel"]
[Result "1-0"]
[WhiteElo "2280"]
[BlackElo "1858"]
[PlyCount "97"]
[EventDate "2011.04.16"]
[EventRounds "8"]
[EventCountry "ESP"]

1. e4 e6 2. d4 d5 3. Nd2 Nc6 4. Ngf3 Nf6 5. e5 Nd7 6. Nb3 a5 7. a4 Be7 8. Bb5
Na7 9. Be2 b6 10. O-O c5 11. c3 Nc6 12. Be3 Ba6 13. Bxa6 Rxa6 14. Qe2 Ra8 15.
Ne1 O-O 16. f4 f5 17. exf6 Rxf6 18. Nf3 c4 19. Nbd2 Bd6 20. Ne5 Bxe5 21. dxe5
Rf8 22. Nxc4 dxc4 23. Qxc4 Qc7 24. Qxe6+ Kh8 25. Rad1 Rfd8 26. Qf7 Ra7 27. Qd5
Raa8 28. Qc4 Rac8 29. Rd6 Qb7 30. Qd5 Nf8 31. f5 Rxd6 32. exd6 Nd7 33. Bg5 Nd8
34. Qb3 Nc5 35. Qd1 Nf7 36. Be7 Qd7 37. Qd5 Kg8 38. Rf4 Nb7 39. Rg4 Rc5 40. Qd4
Ne5 41. Re4 Nc6 42. Qd1 Qxf5 43. Qb3+ Kh8 44. Re1 Qd5 45. Qxb6 Qd2 46. Rf1 Nxe7
47. dxe7 Qe3+ 48. Kh1 Qxe7 49. Qxb7 1-0

[Event "Campeonato de Andalucia Juvenil"]
[Site "Hotel Bellavista, Paseo Centra"]
[Date "2011.04.18"]
[Round "5"]
[White "Garcia Del Campo, Efren"]
[Black "Puertas Martin, Savins"]
[Result "1-0"]
[WhiteElo "1885"]
[BlackElo "2063"]
[PlyCount "105"]
[EventDate "2011.04.16"]
[EventRounds "8"]
[EventCountry "ESP"]

1. e4 e5 2. Nf3 Nc6 3. Bc4 Bc5 4. c3 Nf6 5. d3 d6 6. Be3 Bb6 7. Nbd2 O-O 8. Nf1
d5 9. exd5 Nxd5 10. Bxb6 Nxb6 11. Bb3 Qd6 12. Ng3 Be6 13. Bc2 f6 14. O-O Rad8
15. Qe2 g6 16. Rfe1 Rfe8 17. a3 Nd7 18. Rad1 Bf7 19. h4 f5 20. Qd2 Qf6 21. Qh6
Bd5 22. Ng5 Qg7 23. Qxg7+ Kxg7 24. f4 Nf6 25. Nh3 Bf7 26. Ba4 exf4 27. Nxf4
Rxe1+ 28. Rxe1 Rd6 29. Nf1 Ng4 30. d4 a6 31. Nh2 Nf6 32. Nf3 b5 33. Bc2 Na5 34.
Re7 Rd7 35. Ne6+ Kg8 36. Rxd7 Nxd7 37. Nxc7 Nb8 38. a4 bxa4 39. Bxa4 Nc4 40. b4
Nb6 41. Bd1 Nc4 42. Be2 Kf8 43. Ng5 Nd6 44. Nxa6 Nxa6 45. Bxa6 Bg8 46. Nf3 Ke7
47. Ne5 Ne4 48. c4 g5 49. hxg5 Nxg5 50. b5 Ne6 51. b6 Nd8 52. b7 Nxb7 53. Bxb7
1-0

[Event "Campeonato de Andalucia Juvenil"]
[Site "Hotel Bellavista, Paseo Centra"]
[Date "2011.04.18"]
[Round "5"]
[White "Gutierrez Valero, Mario"]
[Black "Valero Gutierrez, Alvaro"]
[Result "1-0"]
[WhiteElo "2055"]
[BlackElo "1902"]
[PlyCount "95"]
[EventDate "2011.04.16"]
[EventRounds "8"]
[EventCountry "ESP"]

1. d4 Nf6 2. c4 c5 3. d5 e5 4. Nc3 d6 5. g3 g6 6. Bg2 Bg7 7. e4 a6 8. Nge2 Nbd7
9. O-O O-O 10. h3 Ne8 11. Be3 f5 12. Qd2 Ndf6 13. a4 fxe4 14. g4 Qe7 15. Ng3 h5
16. g5 Nd7 17. Ngxe4 Nb6 18. b3 Bf5 19. Kh2 Qd7 20. Rae1 Nc8 21. Qb2 Nc7 22. b4
b6 23. a5 cxb4 24. Qxb4 bxa5 25. Qxa5 Ne7 26. Rb1 Rfb8 27. Rb6 Bxe4 28. Nxe4
Rxb6 29. Bxb6 Ne8 30. Rd1 Nf5 31. c5 Nd4 32. c6 Qf7 33. Kh1 Qf4 34. Qc3 Rb8 35.
Rb1 Nb5 36. Qa5 Nbc7 37. Rd1 Qf7 38. Bxc7 Rb5 39. Qxa6 Nxc7 40. Qc8+ Kh7 41.
Nxd6 Qxf2 42. Nxb5 Nxb5 43. d6 Qe2 44. Rb1 Nxd6 45. Qd8 Ne4 46. c7 Qe3 47. c8=Q
Nxg5 48. Qc1 1-0

[Event "Campeonato de Andalucia Juvenil"]
[Site "Hotel Bellavista, Paseo Centra"]
[Date "2011.04.18"]
[Round "5"]
[White "Gonzalez Capacete, Jose Miguel"]
[Black "Valhondo Morales, Ruben"]
[Result "0-1"]
[WhiteElo "1658"]
[BlackElo "1963"]
[PlyCount "36"]
[EventDate "2011.04.16"]
[EventRounds "8"]
[EventCountry "ESP"]

1. e4 e5 2. Nf3 Nc6 3. Bb5 a6 4. Ba4 Nf6 5. O-O b5 6. Bb3 Be7 7. Re1 O-O 8. c3
d6 9. h3 Na5 10. d4 Nxb3 11. Qxb3 Bb7 12. Nbd2 exd4 13. cxd4 d5 14. e5 Ne4 15.
Qe3 f5 16. b3 g5 17. Nxe4 dxe4 18. Nxg5 f4 0-1

[Event "Campeonato de Andalucia Juvenil"]
[Site "Hotel Bellavista, Paseo Centra"]
[Date "2011.04.19"]
[Round "6"]
[White "Nieto Asencio, Maria Del Carmen"]
[Black "Ladron De Guevara Pinto, Paolo"]
[Result "0-1"]
[WhiteElo "2011"]
[BlackElo "2280"]
[PlyCount "84"]
[EventDate "2011.04.16"]
[EventRounds "8"]
[EventCountry "ESP"]

1. d4 e6 2. Nf3 Be7 3. Bf4 d5 4. e3 Nf6 5. Bd3 O-O 6. O-O b6 7. Ne5 c5 8. c3
Bb7 9. Nd2 Nbd7 10. Qf3 g6 11. g4 Nxe5 12. Bxe5 Nd7 13. Bf4 Qc8 14. Qh3 Ba6 15.
Bxa6 Qxa6 16. Nf3 Rac8 17. Bh6 Rfe8 18. Qg3 b5 19. Ne5 Nxe5 20. Qxe5 f6 21. Qf4
Qd6 22. Qxd6 Bxd6 23. h4 c4 24. f3 Rb8 25. a3 a5 26. e4 g5 27. f4 Bxf4 28. Rae1
b4 29. axb4 axb4 30. Rxf4 gxf4 31. Bxf4 Rbd8 32. Kf2 bxc3 33. bxc3 Ra8 34. exd5
exd5 35. Rxe8+ Rxe8 36. g5 Kf7 37. gxf6 Kxf6 38. Kf3 h5 39. Bc7 Kf5 40. Bd6 Ra8
41. Bb4 Ra2 42. Be7 Rd2 0-1

[Event "Campeonato de Andalucia Juvenil"]
[Site "Hotel Bellavista, Paseo Centra"]
[Date "2011.04.19"]
[Round "6"]
[White "Fernandez Garcia, Jose Miguel"]
[Black "Rioboo De Larriva, Alvaro"]
[Result "1-0"]
[WhiteElo "2280"]
[BlackElo "2210"]
[PlyCount "47"]
[EventDate "2011.04.16"]
[EventRounds "8"]
[EventCountry "ESP"]

1. e4 e6 2. d4 d5 3. Nc3 Nf6 4. e5 Nfd7 5. f4 c5 6. Nf3 Nc6 7. Be3 a6 8. Qd2 b5
9. f5 cxd4 10. fxe6 fxe6 11. Nxd4 Ndxe5 12. Be2 Be7 13. O-O Bf6 14. Nxc6 Nxc6
15. Bc5 Qc7 16. Bh5+ Kd8 17. Rxf6 gxf6 18. Qf2 Qg7 19. Bb6+ Kd7 20. Rd1 Qg5 21.
Ne4 Qe5 22. Nxf6+ Ke7 23. Nxd5+ exd5 24. Qf7+ 1-0

[Event "Campeonato de Andalucia Juvenil"]
[Site "Hotel Bellavista, Paseo Centra"]
[Date "2011.04.19"]
[Round "6"]
[White "Anaya Lopez, Victor Jose"]
[Black "Garcia Del Campo, Efren"]
[Result "1/2-1/2"]
[WhiteElo "2151"]
[BlackElo "1885"]
[PlyCount "67"]
[EventDate "2011.04.16"]
[EventRounds "8"]
[EventCountry "ESP"]

1. e4 e6 2. Nf3 d5 3. Nc3 Nf6 4. e5 Nfd7 5. d4 c5 6. dxc5 Nc6 7. Bf4 Nxc5 8.
Bd3 Be7 9. h4 f6 10. Qe2 Nxd3+ 11. cxd3 fxe5 12. Nxe5 O-O 13. Nxc6 bxc6 14. g3
Qb6 15. h5 Bf6 16. O-O Bd7 17. h6 Rae8 18. Bd6 Rf7 19. Na4 Qd4 20. Nc5 Qxb2 21.
Qxb2 Bxb2 22. Rab1 Bd4 23. Rb7 Bxc5 24. Bxc5 gxh6 25. Rxa7 e5 26. d4 exd4 27.
Bxd4 Bh3 28. Rxf7 Kxf7 29. Rb1 Re7 30. a4 Bc8 31. a5 Rc7 32. Bc5 Ke6 33. Rb3
Rb7 34. Re3+ {Ilegible} 1/2-1/2

[Event "Campeonato de Andalucia Juvenil"]
[Site "Hotel Bellavista, Paseo Centra"]
[Date "2011.04.19"]
[Round "6"]
[White "Valhondo Morales, Ruben"]
[Black "Gutierrez Valero, Mario"]
[Result "1-0"]
[WhiteElo "1963"]
[BlackElo "2055"]
[PlyCount "43"]
[EventDate "2011.04.16"]
[EventRounds "8"]
[EventCountry "ESP"]

1. Nc3 c5 2. d4 cxd4 3. Qxd4 Nc6 4. Qh4 Nf6 5. Bg5 e6 6. O-O-O Be7 7. e4 O-O 8.
f4 h6 9. Bxh6 gxh6 10. Qxh6 Ng4 11. Qh5 Nf6 12. Qh6 Ng4 13. Qh5 Nf6 14. Qh3 Nh7
15. g4 e5 16. Nf3 d6 17. f5 Ng5 18. Nxg5 Bxg5+ 19. Kb1 a6 20. Bc4 Kg7 21. Qh5
Be3 22. g5 1-0

[Event "Campeonato de Andalucia Juvenil"]
[Site "Hotel Bellavista, Paseo Centra"]
[Date "2011.04.19"]
[Round "6"]
[White "Leon Acosta, Miguel"]
[Black "Moral Garcia, Serafin"]
[Result "0-1"]
[WhiteElo "1660"]
[BlackElo "2169"]
[PlyCount "73"]
[EventDate "2011.04.16"]
[EventRounds "8"]
[EventCountry "ESP"]

1. f4 e5 2. fxe5 d6 3. exd6 Bxd6 4. Nf3 g5 5. d4 g4 6. Ng5 f5 7. e4 h6 8. e5
Be7 9. Nh3 gxh3 10. Qh5+ Kf8 11. Bc4 Qe8 12. Qxh3 Qg6 13. O-O Bg5 14. Bxg5 Qxg5
15. Nc3 Ne7 16. Ne4 Qg6 17. Ng3 Ke8 18. Rf4 Rf8 19. Raf1 Nbc6 20. c3 Qg5 21.
Ne4 Qg7 22. Nf6+ Kd8 23. R1f3 Ng6 24. Qg3 Nce7 25. Rh4 Qh8 26. Rh5 f4 27. Qe1
Qg7 28. Qe4 c6 29. Rd3 Rxf6 30. exf6 Qxf6 31. d5 Bf5 32. dxc6+ Ke8 33. Rxf5
Qxf5 34. Qxf5 Nxf5 35. Rd7 bxc6 36. Rc7 Nge7 37. Be6 0-1

[Event "Campeonato de Andalucia Juvenil"]
[Site "Hotel Bellavista, Paseo Centra"]
[Date "2011.04.19"]
[Round "6"]
[White "Perera Borrego, Mariela"]
[Black "Suarez Martin, Ignacio"]
[Result "1-0"]
[WhiteElo "2069"]
[BlackElo "1758"]
[PlyCount "65"]
[EventDate "2011.04.16"]
[EventRounds "8"]
[EventCountry "ESP"]

1. d4 f5 2. Nf3 Nf6 3. c4 g6 4. Nc3 Bg7 5. g3 O-O 6. Bg2 e6 7. O-O d6 8. Re1
Nbd7 9. e4 fxe4 10. Ng5 Re8 11. Ngxe4 Nxe4 12. Nxe4 h6 13. Be3 Nf6 14. h3 Nxe4
15. Bxe4 Qf6 16. Qd2 e5 17. Bxh6 Bxh3 18. Bg5 Qf7 19. Bxb7 Rab8 20. Bd5 Be6 21.
Bxe6 Qxe6 22. Rac1 Qg4 23. dxe5 Rxe5 24. Rxe5 Bxe5 25. b3 Kg7 26. Bh6+ Kf6 27.
Bf4 Rh8 28. Bxe5+ dxe5 29. Qd5 e4 30. Qd4+ Kf7 31. Qxh8 e3 32. Qh7+ Ke8 33. Re1
1-0

[Event "Campeonato de Andalucia Juvenil"]
[Site "Hotel Bellavista, Paseo Centra"]
[Date "2011.04.19"]
[Round "6"]
[White "Puertas Martin, Savins"]
[Black "Rivas Perez, Jorge"]
[Result "1-0"]
[WhiteElo "2063"]
[BlackElo "1782"]
[PlyCount "55"]
[EventDate "2011.04.16"]
[EventRounds "8"]
[EventCountry "ESP"]

1. e4 d6 2. d4 Nf6 3. Bd3 g6 4. c3 Bg7 5. Ne2 Nbd7 6. O-O e5 7. h3 O-O 8. Be3
b6 9. Nd2 Bb7 10. d5 Nh5 11. g4 Nhf6 12. Ng3 Bc8 13. b4 a5 14. a3 axb4 15. axb4
Rxa1 16. Qxa1 h5 17. f3 h4 18. Ne2 Nh7 19. Qe1 g5 20. Qa1 Bb7 21. Bb5 Nhf6 22.
Qa7 Qb8 23. Ra1 Qxa7 24. Rxa7 Rb8 25. c4 Kf8 26. Nc3 Ne8 27. Bxd7 f6 28. Nb5
1-0

[Event "Campeonato de Andalucia Juvenil"]
[Site "Hotel Bellavista, Paseo Centra"]
[Date "2011.04.19"]
[Round "7"]
[White "Ladron De Guevara Pinto, Paolo"]
[Black "Fernandez Garcia, Jose Miguel"]
[Result "1/2-1/2"]
[WhiteElo "2280"]
[BlackElo "2280"]
[PlyCount "40"]
[EventDate "2011.04.16"]
[EventRounds "8"]
[EventCountry "ESP"]

1. e4 c5 2. Nf3 e6 3. d4 cxd4 4. Nxd4 a6 5. c4 Nf6 6. Nc3 Qc7 7. a3 b6 8. Be2
Bb7 9. f3 Be7 10. Be3 O-O 11. O-O d6 12. Qd2 Nbd7 13. Rac1 Rac8 14. Rfd1 Qb8
15. Kh1 Ne5 16. Na4 Bd8 17. b4 Re8 18. Bg1 h5 19. Nb3 b5 20. Nb6 Bxb6 1/2-1/2

[Event "Campeonato de Andalucia Juvenil"]
[Site "Hotel Bellavista, Paseo Centra"]
[Date "2011.04.19"]
[Round "7"]
[White "Moral Garcia, Serafin"]
[Black "Valhondo Morales, Ruben"]
[Result "1/2-1/2"]
[WhiteElo "2169"]
[BlackElo "1963"]
[PlyCount "156"]
[EventDate "2011.04.16"]
[EventRounds "8"]
[EventCountry "ESP"]

1. e4 e5 2. Nf3 Qe7 3. Nc3 c6 4. a4 h6 5. Bc4 d6 6. O-O g5 7. d4 Bg7 8. dxe5
dxe5 9. b3 Bg4 10. Qd3 Nd7 11. Ba3 Qf6 12. Nd2 Ne7 13. f3 Bh5 14. Qe3 O-O 15.
Rad1 Rfd8 16. Be2 Bf8 17. Nc4 Nc8 18. Bxf8 Kxf8 19. Rd2 Qe7 20. Rfd1 f6 21. Bf1
Bf7 22. Nd6 Nxd6 23. Rxd6 Nb6 24. Rxd8+ Rxd8 25. Rxd8+ Qxd8 26. Kf2 Ke7 27. g3
Be6 28. Ke1 Qd6 29. a5 Nc8 30. Na4 Qb4+ 31. Qd2 Qxd2+ 32. Kxd2 Kd6 33. b4 Kc7
34. c4 b6 35. Kc3 Ne7 36. axb6+ axb6 37. c5 b5 38. Nb2 Ng6 39. Kd2 h5 40. Ke3
h4 41. Bd3 hxg3 42. hxg3 Kd7 43. Nd1 Ke7 44. Nc3 Bd7 45. Ne2 Nf8 46. Bc2 Be6
47. f4 Bg4 48. Nc1 Ne6 49. Nd3 Nd4 50. Bb1 Nf3 51. Nf2 Nh2 52. Bd3 Bh5 53. Nh3
Ng4+ 54. Kd2 gxf4 55. gxf4 Bf7 56. Be2 Nh6 57. Ke3 Be6 58. Nf2 Nf7 59. Bh5
exf4+ 60. Kxf4 Ne5 61. Ke3 Kd7 62. Nd3 Nc4+ 63. Kd4 Ke7 64. Bd1 Kd7 65. Bf3 Nd2
66. Bg2 Nc4 67. Bf1 Nd2 68. Be2 Nc4 69. Bh5 Ke7 70. e5 fxe5+ 71. Nxe5 Nxe5 72.
Kxe5 Bd5 73. Be2 Bg2 74. Bd3 Bh1 75. Bf1 Bf3 76. Kf4 Bd5 77. Ke5 Bh1 78. Be2
Bg2 1/2-1/2

[Event "Campeonato de Andalucia Juvenil"]
[Site "Hotel Bellavista, Paseo Centra"]
[Date "2011.04.19"]
[Round "7"]
[White "Garcia Del Campo, Efren"]
[Black "Nieto Asencio, Maria Del Carmen"]
[Result "1/2-1/2"]
[WhiteElo "1885"]
[BlackElo "2011"]
[PlyCount "42"]
[EventDate "2011.04.16"]
[EventRounds "8"]
[EventCountry "ESP"]

1. Nc3 c5 2. d4 cxd4 3. Qxd4 Nc6 4. Qh4 g6 5. e4 Nb4 6. Bd3 Bg7 7. Nge2 d5 8.
Nxd5 Nxd5 9. exd5 Qxd5 10. O-O Nf6 11. Bh6 O-O 12. Bxg7 Kxg7 13. Nc3 Qc5 14.
Rfe1 Be6 15. Re3 Rfd8 16. Rae1 Rd4 17. Qg3 Rad8 18. Qe5 Qb4 19. Qb5 Nd5 20.
Nxd5 R8xd5 21. Qxb4 Rxb4 1/2-1/2

[Event "Campeonato de Andalucia Juvenil"]
[Site "Hotel Bellavista, Paseo Centra"]
[Date "2011.04.19"]
[Round "7"]
[White "Gutierrez Valero, Mario"]
[Black "Anaya Lopez, Victor Jose"]
[Result "1-0"]
[WhiteElo "2055"]
[BlackElo "2151"]
[PlyCount "71"]
[EventDate "2011.04.16"]
[EventRounds "8"]
[EventCountry "ESP"]

1. d4 d5 2. Nf3 Nf6 3. c4 c6 4. Nc3 e6 5. Qb3 Nbd7 6. Bg5 Be7 7. e3 O-O 8. Bd3
b6 9. O-O Bb7 10. Rac1 dxc4 11. Bxc4 Nd5 12. Bxe7 Qxe7 13. Ne4 Rac8 14. Ng3 Nc7
15. e4 a6 16. Rfd1 Ba8 17. Bf1 Rfd8 18. Rd2 b5 19. Qe3 Ne8 20. h3 f6 21. Rdc2
Rb8 22. Nd2 e5 23. Nf5 Qf8 24. Nb3 g6 25. Ng3 Nd6 26. dxe5 Nxe5 27. Na5 g5 28.
Be2 Qf7 29. Nh5 Rf8 30. a3 Qc7 31. b4 Qb6 32. Nxf6+ Rxf6 33. Qxg5+ Kf7 34. Qxe5
Qxf2+ 35. Kh1 c5 36. Bh5+ 1-0

[Event "Campeonato de Andalucia Juvenil"]
[Site "Hotel Bellavista, Paseo Centra"]
[Date "2011.04.19"]
[Round "7"]
[White "Rioboo De Larriva, Alvaro"]
[Black "Puertas Martin, Savins"]
[Result "0-1"]
[WhiteElo "2210"]
[BlackElo "2063"]
[PlyCount "120"]
[EventDate "2011.04.16"]
[EventRounds "8"]
[EventCountry "ESP"]

1. e4 e5 2. Nf3 Nc6 3. d4 exd4 4. Nxd4 Bc5 5. Nxc6 Qf6 6. Qd2 Qxc6 7. Bd3 Ne7
8. Nc3 Bb4 9. O-O Bxc3 10. bxc3 d6 11. f4 f6 12. Rb1 a6 13. f5 Qc5+ 14. Kh1 Nc6
15. Qe1 Ne5 16. g4 h6 17. Rb3 Qc6 18. Qh4 Rf8 19. Qh5+ Ke7 20. Bf4 Nf7 21. c4
b6 22. Qh3 a5 23. Qe3 Ba6 24. Ra1 Qa4 25. Qd4 Qc6 26. Qd5 Nd8 27. h4 Bb7 28.
Qd4 Bc8 29. Qe3 Nf7 30. Kh2 Qe8 31. Kg3 Bd7 32. Rh1 Bc6 33. g5 Rh8 34. Rbb1 Kd7
35. Kf2 Qe7 36. gxh6 Nxh6 37. Rbg1 Rh7 38. Rg6 Nf7 39. Rhg1 Ne5 40. Qg3 Nxg6
41. fxg6 Rhh8 42. h5 Rag8 43. Qg4+ Kd8 44. c5 bxc5 45. Rb1 Qd7 46. Qf3 Ke7 47.
Kg3 Qe6 48. c4 Rb8 49. Rh1 a4 50. Rh2 Rbd8 51. Qg4 Qxg4+ 52. Kxg4 Be8 53. Rb2
Bc6 54. h6 gxh6 55. Kh5 Rdg8 56. Bxh6 Rg7 57. Bc2 Be8 58. e5 dxe5 59. Rb8 Bxg6+
60. Bxg6 Rxb8 0-1

[Event "Campeonato de Andalucia Juvenil"]
[Site "Hotel Bellavista, Paseo Centra"]
[Date "2011.04.19"]
[Round "7"]
[White "Garcia De Lomas Guerrero, Carlo"]
[Black "Perera Borrego, Mariela"]
[Result "1/2-1/2"]
[WhiteElo "1951"]
[BlackElo "2069"]
[PlyCount "46"]
[EventDate "2011.04.16"]
[EventRounds "8"]
[EventCountry "ESP"]

1. e4 d6 2. d4 Nf6 3. Nc3 e5 4. Nf3 Nbd7 5. Bc4 Be7 6. O-O O-O 7. Re1 c6 8. a4
b6 9. d5 cxd5 10. Nxd5 Bb7 11. b3 Rc8 12. Re2 Nc5 13. Nxf6+ Bxf6 14. Bd5 Qd7
15. Ba3 Rfd8 16. Bxc5 Rxc5 17. Rd2 Bxd5 18. Rxd5 Rc3 19. Qd2 Qc7 20. Ne1 Kf8
21. Rd1 Ke7 22. Rd3 Rc5 23. c4 h6 1/2-1/2

[Event "Campeonato de Andalucia Juvenil"]
[Site "Hotel Bellavista, Paseo Centra"]
[Date "2011.04.19"]
[Round "7"]
[White "Salido Polo, Veronica"]
[Black "Valero Gutierrez, Alvaro"]
[Result "0-1"]
[WhiteElo "2019"]
[BlackElo "1902"]
[PlyCount "144"]
[EventDate "2011.04.16"]
[EventRounds "8"]
[EventCountry "ESP"]

1. e4 d6 2. d4 Nf6 3. Nc3 Nbd7 4. f4 e5 5. Nf3 exd4 6. Nxd4 g6 7. Be3 Bg7 8.
Be2 O-O 9. Bf3 Re8 10. Nb3 Nb6 11. Qe2 Be6 12. O-O-O Qc8 13. Kb1 Nfd7 14. Bd4
Bxb3 15. cxb3 Bxd4 16. Rxd4 Nc5 17. Nd5 Nxd5 18. Rxd5 Qe6 19. Rd4 Qf6 20. Qd2
a5 21. Re1 Rab8 22. Rd5 b6 23. g4 Rbd8 24. f5 Nd7 25. g5 Qe7 26. f6 Qe6 27. Qg2
Qxd5 28. exd5 Rxe1+ 29. Kc2 h5 30. Qh3 Re3 31. Kd2 Re5 32. Qh4 Nc5 33. Kc2 Rde8
34. Qc4 Rxg5 35. Qb5 Kf8 36. a3 Rf5 37. b4 Ne6 38. Qc4 Rf4 39. Be4 Ng5 40. Qxc7
Nxe4 41. Qxb6 axb4 42. axb4 Rf2+ 43. Kb3 Rxf6 44. Qd4 Rf3+ 45. Ka4 Rf4 46. Ka5
Rf1 47. b5 Ra1+ 48. Kb6 Raa8 49. Kc6 Rac8+ 50. Kb6 Ke7 51. Qxe4+ Kd7 52. Qf4 f5
53. Qh6 Rb8+ 54. Ka5 Ra8+ 55. Kb4 Re4+ 56. Kc3 Rc8+ 57. Kd3 Rce8 58. Qxg6 Re3+
59. Kc2 Re2+ 60. Kb3 R2e3+ 61. Kb4 R3e4+ 62. Ka5 R4e5 63. Kb6 R8e7 64. Kb7 Rxd5
65. b6 Rb5 66. Qg8 d5 67. Qc8+ Kd6+ 68. Ka6 Rxb2 69. Qc3 Ree2 70. Qc7+ Ke6 71.
Qc6+ Ke7 72. b7 Re6 0-1

[Event "Campeonato de Andalucia Juvenil"]
[Site "Hotel Bellavista, Paseo Centra"]
[Date "2011.04.20"]
[Round "8"]
[White "Nieto Asencio, Maria Del Carmen"]
[Black "Gutierrez Valero, Mario"]
[Result "1/2-1/2"]
[WhiteElo "2011"]
[BlackElo "2055"]
[PlyCount "91"]
[EventDate "2011.04.16"]
[EventRounds "8"]
[EventCountry "ESP"]

1. d4 Nf6 2. Nf3 e6 3. e3 b6 4. Bd3 Bb7 5. O-O Be7 6. b3 O-O 7. Bb2 Ne4 8. Nbd2
f5 9. c4 d6 10. Qc2 Nxd2 11. Nxd2 g6 12. e4 Bf6 13. a3 Nd7 14. Rfe1 c5 15. d5
Bxb2 16. Qxb2 e5 17. f3 f4 18. Nb1 g5 19. Nc3 Rf6 20. a4 a5 21. Nb5 Rh6 22. h3
Nf8 23. Kf1 Ng6 24. Qf2 Nh4 25. Ke2 Rg6 26. Kd2 h5 27. Rh1 Rg7 28. Kc3 Ng6 29.
Kb2 Kf8 30. Rag1 Ke7 31. Bf1 Qd7 32. Be2 Ba6 33. Nc3 Rag8 34. Ka3 Kd8 35. Bf1
Kc7 36. Be2 Kb8 37. Bf1 Bc8 38. Nb5 Qe7 39. Be2 Bd7 40. Nc3 Nf8 41. Bf1 Nh7 42.
Be2 Nf6 43. Bf1 Rg6 44. Ne2 R6g7 {[44.} 45. g4 hxg4 46. hxg4 {g3]} 1/2-1/2

[Event "Campeonato de Andalucia Juvenil"]
[Site "Hotel Bellavista, Paseo Centra"]
[Date "2011.04.20"]
[Round "8"]
[White "Anaya Lopez, Victor Jose"]
[Black "Santos Ruiz, Miguel"]
[Result "1/2-1/2"]
[WhiteElo "2151"]
[BlackElo "1858"]
[PlyCount "48"]
[EventDate "2011.04.16"]
[EventRounds "8"]
[EventCountry "ESP"]

1. e4 e6 2. d4 d5 3. Nc3 Bb4 4. e5 c5 5. a3 Bxc3+ 6. bxc3 Ne7 7. Qg4 O-O 8. Bd3
Nbc6 9. Qh5 Ng6 10. Nh3 Qc7 11. O-O c4 12. Be2 Bd7 13. Ng5 h6 14. Nh3 Be8 15.
f4 f5 16. Qf3 Nce7 17. Nf2 b5 18. Nd1 a5 19. Ne3 Rb8 20. Bd2 b4 21. axb4 axb4
22. Rfb1 bxc3 23. Bxc3 Rxb1+ 24. Rxb1 Qa7 1/2-1/2

[Event "Campeonato de Andalucia Juvenil"]
[Site "Hotel Bellavista, Paseo Centra"]
[Date "2011.04.20"]
[Round "8"]
[White "Leon Acosta, Miguel"]
[Black "Garcia De Lomas Guerrero, Carlo"]
[Result "1-0"]
[WhiteElo "1660"]
[BlackElo "1951"]
[PlyCount "72"]
[EventDate "2011.04.16"]
[EventRounds "8"]
[EventCountry "ESP"]

1. b3 d5 2. Bb2 Nf6 3. e3 c5 4. Bb5+ Bd7 5. Bxd7+ Nbxd7 6. f4 g6 7. d3 Qc7 8.
Nf3 Bg7 9. Qe2 b5 10. Nc3 Qc6 11. a4 b4 12. Nd1 O-O 13. Nf2 c4 14. Rd1 Rac8 15.
Nd4 Qc5 16. dxc4 dxc4 17. O-O e5 18. Nf3 c3 19. Bc1 e4 20. Ng5 Qc6 21. Ngxe4
Nxe4 22. Nxe4 f5 23. Nd6 Rcd8 24. e4 fxe4 25. Qxe4 Qxe4 26. Nxe4 Nb6 27. Be3
Rde8 28. Bxb6 axb6 29. Rde1 Bd4+ 30. Kh1 Re6 31. Re2 Rc6 32. Rd1 Bg7 33. g3 h6
34. Kg2 Rf5 35. h4 h5 36. Nd6 Rfc5 {Ilegible} 1-0